[Event "Chess.com Rapid Wk3 Swiss"]
[Site "chess.com INT"]
[Date "2022.02.27"]
[Round "9"]
[White "Nakamura,Hi"]
[Black "Xiong,Jeffery"]
[Result "0-1"]
[WhiteElo "2736"]
[BlackElo "2686"]

1.Nf3 Nf6 2.b3 d5 3.Bb2 Bf5 4.g3 h6 5.d3 e6 6.Bg2 Be7 7.Ne5 O-O 8.Nd2 Bh7
9.O-O a5 10.a4 Nfd7 11.Nxd7 Nxd7 12.e4 c6 13.Qe2 Qc7 14.d4 Nf6 15.e5 Nd7
16.c4 Bb4 17.Rfc1 Nb6 18.Nf1 Rfd8 19.Ne3 Qe7 20.c5 Nd7 21.Nc2 Bxc2 22.Rxc2 Rdc8
23.Rac1 Rab8 24.Qe3 b6 25.Bf1 bxc5 26.dxc5 Rf8 27.Bh3 Rbe8 28.Bd4 Qg5 29.f4 Qh5
30.Kg2 Kh8 31.Re2 Rb8 32.Kh1 Ba3 33.g4 Bxc1 34.Qf3 Qg6 35.g5 Rb4 36.gxh6 Rxd4
37.hxg7+ Qxg7 38.Rg2 Qh6  0-1

[Event "Chess.com Rapid Wk4 Swiss"]
[Site "chess.com INT"]
[Date "2022.03.05"]
[Round "1"]
[White "Nakamura,Hi"]
[Black "Sadhwani,Raunak"]
[Result "1-0"]
[WhiteElo "2750"]
[BlackElo "2616"]

1.Nf3 d5 2.e3 Nf6 3.b3 e6 4.Bb2 Bd6 5.g3 O-O 6.Bg2 Qe7 7.d4 c5 8.O-O b6 9.dxc5 Bxc5
10.a3 a5 11.Ne5 Bb7 12.Nd2 Nc6 13.Nd3 e5 14.c4 d4 15.Re1 dxe3 16.fxe3 Rad8
17.Qc2 Bd6 18.Re2 e4 19.Nf2 Be5 20.Ndxe4 Bxb2 21.Qxb2 Nxe4 22.Bxe4 Rfe8 23.Bd5 Ne5
24.e4 b5 25.Rd1 bxc4 26.bxc4 Ba6 27.Qc3 Rc8 28.Qxa5 Bxc4 29.Rc2 Ba6 30.Rxc8 Bxc8
31.Nd3 Nf3+ 32.Kg2 Ng5 33.Nf2 Qf6 34.Rd3 Ba6 35.Re3 Nh3 36.Qe1 Ng5 37.Qc3 Qb6
38.Qc6 Qxc6 39.Bxc6 Rc8 40.Bd5 Rc1 41.h4 Bf1+ 42.Kh2 Ne6 43.Rb3 Kf8 44.Bxe6 fxe6
45.Ng4 Rc2+ 46.Kg1 Bh3 47.Ne3 Ra2 48.g4 h5 49.gxh5 Kg8 50.Nc4 Bg4 51.Rb2 Ra1+
52.Kf2 Bxh5 53.Ke3 Kh7 54.Kd4 Rh1 55.a4 Rxh4 56.a5 Bg6 57.Nd6 Rh1 58.Ra2 e5+
59.Kxe5  1-0

[Event "Chess.com Rapid Wk4 Swiss"]
[Site "chess.com INT"]
[Date "2022.03.05"]
[Round "2"]
[White "Aronian,L"]
[Black "Nakamura,Hi"]
[Result "1/2-1/2"]
[WhiteElo "2785"]
[BlackElo "2750"]

1.e4 e5 2.Nf3 Nc6 3.Bc4 Bc5 4.O-O Nf6 5.Re1 Ng4 6.Re2 O-O 7.h3 Nf6 8.d3 Nd4
9.Nxd4 Bxd4 10.c3 Bb6 11.Bg5 h6 12.Bh4 d6 13.Re1 Re8 14.Nd2 c6 15.Bb3 g5
16.Bg3 h5 17.Nc4 h4 18.Bh2 g4 19.Nxb6 axb6 20.d4 Qe7 21.Qd2 Nh7 22.hxg4 Bxg4
23.f4 exd4 24.cxd4 Kh8 25.e5 f5 26.d5 c5 27.Bc4 Qg7 28.Re3 Rad8 29.Rae1 Nf8
30.Bb5 Re7 31.Qf2 Ng6 32.Be2 Bxe2 33.R3xe2 Qh6 34.Qf3 Rg7 35.Kh1 Nf8 36.b4 Rg4
37.bxc5 bxc5 38.Rb2 Rd7 39.Rb6 Nh7 40.Reb1 Rgg7 41.a4 Rg6 42.Rxb7 Rxb7 43.Rxb7 dxe5
44.Qc3 Nf6 45.Rb8+ Kh7 46.Rb7+ Kh8 47.Rb8+ Kh7 48.Rb7+ Kh8  1/2-1/2

[Event "Chess.com Rapid Wk4 Swiss"]
[Site "chess.com INT"]
[Date "2022.03.05"]
[Round "3"]
[White "Nakamura,Hi"]
[Black "Kosteniuk,A"]
[Result "1-0"]
[WhiteElo "2750"]
[BlackElo "2516"]

1.Nf3 Nf6 2.b3 b6 3.g3 Bb7 4.Bb2 e6 5.Bg2 c5 6.O-O Be7 7.d3 d5 8.c4 O-O 9.e3 Nc6
10.Qe2 Qc7 11.Nc3 a6 12.cxd5 exd5 13.d4 Rfe8 14.Rfd1 Rad8 15.dxc5 bxc5 16.Rac1 Bf8
17.Na4 Ne4 18.Nd2 Ne5 19.f4 Nd7 20.Nxe4 dxe4 21.Qc2 Bc6 22.Bf1 Bxa4 23.bxa4 Qc6
24.a5 Nf6 25.Bc4 Qc7 26.Bc3 Rxd1+ 27.Rxd1 Ra8 28.h3 Qc6 29.g4 Re8 30.Qb3 Re7
31.Rd8 Rd7 32.Qb8 Rxd8 33.Qxd8 Ne8 34.Qd5 Qxd5 35.Bxd5 Nd6 36.a4 g6 37.Be5 Be7
38.g5 Kf8 39.Kf2 Ke8 40.h4 Bf8 41.Ke2 Be7 42.Kd2 Bf8 43.Bc6+ Kd8 44.Kc3 Be7
45.Bd5 Ke8 46.Kb3 Bf8 47.Bc4 Nb7 48.Bc3 Nd6 49.Bxa6 Kd7 50.Bb5+ Kc8 51.a6 Nf5
52.Be5 c4+ 53.Bxc4 Nxe3 54.Bxf7 Bc5 55.Bg8 Nf5 56.Be6+ Kd8 57.Bxf5 gxf5 58.h5 e3
59.Kc2  1-0

[Event "Chess.com Rapid Wk4 Swiss"]
[Site "chess.com INT"]
[Date "2022.03.05"]
[Round "4"]
[White "Abdusattorov,Nodirbek"]
[Black "Nakamura,Hi"]
[Result "0-1"]
[WhiteElo "2651"]
[BlackElo "2750"]

1.c4 e5 2.Nc3 Nf6 3.Nf3 Nc6 4.e4 Bb4 5.d3 d6 6.a3 Bc5 7.b4 Bb6 8.Be3 Bg4
9.Be2 Bxf3 10.Bxf3 Nd4 11.Na4 c5 12.Nxb6 axb6 13.O-O O-O 14.Bxd4 cxd4 15.a4 Ne8
16.g3 Nc7 17.Bg2 Qd7 18.f4 Ra7 19.f5 Rfa8 20.b5 Ne8 21.Bf3 Qe7 22.h4 Nf6
23.Rf2 Nd7 24.Rfa2 Nc5 25.Qc2 Kh8 26.Kh2 g5 27.Kh3 gxh4 28.gxh4 Rg8 29.Qd1 Qf6
30.Rf2 Qh6 31.Qd2 Qxd2 32.Rxd2 Rxa4 33.Rxa4 Nxa4 34.f6 Rg6 35.Bg4 Nc5 36.Bf5 Rxf6
37.Kg4 Kg7 38.Kh5 d5 39.cxd5 h6 40.Rg2+ Kf8 41.Rg3 Rd6 42.Rf3 Rf6 43.Rg3 Na4
44.Bh7 Ke7 45.Bf5 Nc3 46.Rg2 Nxb5 47.Rb2 Nc3 48.Bc8 b5 49.Bxb7 Kd6 50.Bc6 Kc5
51.Be8 b4 52.Rb3 Ne2 53.Kg4 Nf4 54.h5 Ne2 55.Rb1 Nc3 56.Ra1 Rf4+ 57.Kh3 b3
58.Ra5+ Kb4 59.Ra7 b2 60.Rb7+ Ka3 61.d6 Rf6 62.d7 Rd6 63.Rb6 Rxb6 64.d8=Q b1=Q
65.Qe7+ Kb2  0-1

[Event "Chess.com Rapid Wk4 Swiss"]
[Site "chess.com INT"]
[Date "2022.03.05"]
[Round "6"]
[White "Sarana,A"]
[Black "Nakamura,Hi"]
[Result "0-1"]
[WhiteElo "2685"]
[BlackElo "2750"]

1.d4 Nf6 2.c4 e6 3.Nc3 Bb4 4.e3 O-O 5.Bd3 c5 6.Ne2 cxd4 7.exd4 d5 8.cxd5 Nxd5
9.O-O Nc6 10.a3 Bd6 11.Re1 Re8 12.Bc2 Qh4 13.Ng3 Bd7 14.Re4 Qd8 15.Qd3 f5
16.Re1 Qf6 17.Nxd5 exd5 18.Be3 g6 19.f4 Na5 20.b3 Re7 21.Bd2 Rxe1+ 22.Bxe1 Nc6
23.Ne2 Re8 24.Bc3 Qe7 25.Kf1 Bxa3 26.Ng1 Nb4 27.Bxb4 Qxb4 28.Nf3 Bb5  0-1

[Event "Chess.com Rapid Wk4 Swiss"]
[Site "chess.com INT"]
[Date "2022.03.05"]
[Round "8"]
[White "Demchenko,A"]
[Black "Nakamura,Hi"]
[Result "1/2-1/2"]
[WhiteElo "2654"]
[BlackElo "2750"]

1.e4 e5 2.Nf3 Nc6 3.Bc4 Bc5 4.d3 Nf6 5.Bg5 h6 6.Bh4 Be7 7.Bg3 d6 8.a4 Be6
9.Bxe6 fxe6 10.c3 Qd7 11.Nbd2 O-O 12.h3 Nh7 13.O-O Ng5 14.b4 Rf7 15.b5 Na5
16.d4 exd4 17.cxd4 Raf8 18.Rc1 Nxf3+ 19.Nxf3 c6 20.bxc6 bxc6 21.Rc3 Bd8 22.Qd3 Bb6
23.Rfc1 Qd8 24.Qe2 Rd7 25.Qa2 Qe7 26.Rd3 Re8 27.Nd2 d5 28.Re1 Qd8 29.Be5 c5
30.dxc5 Bxc5 31.exd5 exd5 32.Nf3 Nc6 33.Bc3 Rxe1+ 34.Bxe1 Bf8 35.Bc3 Rd6
36.Ne5 Nxe5 37.Bxe5 Rd7 38.Bd4 Qe8 39.Be3 Qf7 40.Qc2 Qe6 41.Qc8 Qe7 42.Bc5 Qe1+
43.Kh2 Qe5+ 44.Kg1 Qe1+ 45.Kh2 Qe5+ 46.Kg1 Rf7 47.Bxf8 Qe1+ 48.Kh2 Qe5+ 49.Kg1 Qe1+
50.Kh2 Qe5+ 51.Kg1  1/2-1/2

[Event "Chess.com Rapid Wk4 Swiss"]
[Site "chess.com INT"]
[Date "2022.03.05"]
[Round "9"]
[White "Nakamura,Hi"]
[Black "Maghsoodloo,Parham"]
[Result "1-0"]
[WhiteElo "2750"]
[BlackElo "2701"]

1.Nf3 d5 2.b3 c6 3.Bb2 Bg4 4.g3 Nd7 5.Bg2 Qc7 6.h3 Bh5 7.d3 e5 8.g4 Bg6 9.Nh4 Bc5
10.c4 Ne7 11.cxd5 Nxd5 12.e3 Qa5+ 13.Ke2 Qd8 14.Nxg6 hxg6 15.d4 exd4 16.Bxd5 cxd5
17.Bxd4 O-O 18.Nc3 Rc8 19.Rc1 Bxd4 20.Qxd4 Nb6 21.h4 Rc6 22.h5 g5 23.a4 a5
24.Rcd1 f5 25.Nxd5 fxg4 26.Nxb6 Qxb6 27.Qxb6 Rxb6 28.Rd3 Kh7 29.Rg1 Rb4 30.Rc1 Kh6
31.Rc5 b6 32.Rc7 Rf6 33.Rd8 Kxh5 34.Rxg7 g3 35.Rh8+ Rh6 36.Rhg8 Rg4 37.f3 g2
38.fxg4+ Kh4 39.Kf2 Kh3 40.Rxg5 Kh2 41.Rh5+  1-0

[Event "Chess.com Rapid Wk4 KO"]
[Site "chess.com INT"]
[Date "2022.03.06"]
[Round "2.1"]
[White "Nakamura,Hi"]
[Black "Aronian,L"]
[Result "1/2-1/2"]
[WhiteElo "2750"]
[BlackElo "2785"]

1.Nf3 d5 2.b3 c5 3.e3 Nc6 4.Bb2 a6 5.d4 Nf6 6.Nbd2 cxd4 7.Nxd4 Nxd4 8.Bxd4 Bg4
9.Be2 Bxe2 10.Qxe2 e6 11.O-O Bb4 12.c3 Ba5 13.e4 O-O 14.Rfd1 Rc8 15.Rac1 Bb6
16.e5 Nd7 17.Nf3 Qe7 18.h4 Rc7 19.Qe3 Bc5 20.c4 Ba3 21.Rb1 dxc4 22.bxc4 Bc5
23.h5 h6 24.Bxc5 Qxc5 25.Rd4 Nb8 26.Qe4 Nc6 27.Rd3 Na5 28.Rd4 Nxc4 29.g4 Nb6
30.g5 Nd5 31.gxh6 gxh6 32.Kh2 Kh8 33.Rg1 Rg8 34.Rxg8+ Kxg8 35.Qh4 Rc8 36.Nd2 Kh8
37.Nc4 Qe7 38.Qxe7 Nxe7 39.Nd6 Rc2 40.Kg1 Kg7 41.a4 Nc6 42.Re4 Rc5 43.Ne8+ Kh8
44.f4 b5 45.axb5 axb5 46.Re2 Nd4 47.Re4 Nf5 48.Rb4 Ne7 49.Nd6 Nd5 50.Rb3 Kg7
51.f5 exf5 52.Nxf5+ Kh7 53.Rg3 Nf4 54.Rg7+ Kh8 55.Rxf7 Rxe5 56.Nxh6 Nxh5
57.Rb7 Rd5 58.Kf2 Nf4 59.Ng4 Ne6 60.Ke3 Rf5 61.Rb6 Ng5 62.Nf6 Kg7 63.Ne8+ Kf8
64.Nd6 Re5+ 65.Kf4 Rd5 66.Rb8+ Ke7 67.Nf5+ Rxf5+ 68.Kxf5 Nf7 69.Rb7+ Ke8
70.Kf6 Nd8 71.Re7+ Kf8 72.Rh7 Ke8 73.Re7+ Kf8 74.Re4 Nb7 75.Re1 Nd8 76.Re2 b4
77.Re4 b3 78.Re2 Nb7 79.Re5 Nd8 80.Rb5 Ke8 81.Rxb3 Kd7 82.Rb1 Nc6 83.Rd1+ Kc7
84.Ke6 Kb6 85.Rc1 Nb4 86.Kd6 Kb5 87.Rc3 Na6 88.Rc2 Nb4 89.Rc5+ Ka4 90.Rh5 Kb3
91.Kc5 Kc3 92.Rh3+ Nd3+ 93.Kd5 Kc2 94.Kd4 Nb2 95.Rc3+ Kd2 96.Rc8 Nd1 97.Ra8 Ke2
98.Ra2+ Kf3 99.Ra3+ Ke2 100.Rb3 Kd2 101.Rb1 Ke2 102.Ra1 Nf2 103.Ra2+ Kf3
104.Ra8 Ng4 105.Rf8+ Kg3 106.Kd3 Nf2+ 107.Ke2 Ng4 108.Rf5 Nh6 109.Rf6 Ng4
110.Rf8 Nh6 111.Rf3+ Kg4 112.Rf8 Kg3 113.Kd3 Ng4 114.Ke4 Nf2+ 115.Kf5 Kf3
116.Ra8 Ke3 117.Rh8 Nd3 118.Rh4 Nf2 119.Ra4 Nd3 120.Re4+ Kd2 121.Re8 Kc3
122.Ke4 Nb4 123.Rc8+ Kb3 124.Rc7 Na6 125.Kd3 Nxc7  1/2-1/2

[Event "Chess.com Rapid Wk4 KO"]
[Site "chess.com INT"]
[Date "2022.03.06"]
[Round "2.2"]
[White "Aronian,L"]
[Black "Nakamura,Hi"]
[Result "1-0"]
[WhiteElo "2785"]
[BlackElo "2750"]

1.e4 e5 2.Nf3 Nc6 3.Bc4 Nf6 4.Ng5 d5 5.exd5 Na5 6.Bb5+ c6 7.dxc6 bxc6 8.Bd3 Nd5
9.Nf3 Nf4 10.O-O Nxd3 11.cxd3 Bd6 12.Re1 O-O 13.Nc3 c5 14.b3 Nc6 15.Ne4 Bg4
16.h3 Bh5 17.Ba3 Be7 18.Ng3 Bg6 19.Rc1 Qa5 20.Bb2 Qxa2 21.Nxe5 Qxb2 22.Nxc6 Bh4
23.Rxc5 Bxd3 24.Re3 Bg6 25.d4 f5 26.Re2 Qa3 27.Ne7+ Kh8 28.Ngxf5 Bxf5 29.Nxf5 Bf6
30.Ne3 Qb4 31.Rc4 Qd6 32.Ng4 Bd8 33.Ne5 Bb6 34.Re3 Rad8 35.Rf3 Qd5 36.Rxf8+ Rxf8
37.Qd3 Kg8 38.Ra4 Rd8 39.Qc4 Qxc4 40.Rxc4 Rxd4 41.Rc8+ Rd8 42.Rxd8+ Bxd8
43.Kf1 Kf8 44.Ke2 Bc7 45.Nc6 Bb6 46.f4 Ke8 47.Kd3 Kd7 48.Nd4 g6 49.g4 Kd6
50.Ke4 a6 51.f5 gxf5+ 52.gxf5 Bd8 53.Ne6 Bf6 54.Nf4 Bb2 55.Nd3 Bc3 56.Nf4 Bb2
57.Nd5 a5 58.Nb6 Bc3 59.Nd5 Bb2 60.h4 h5 61.Nf4 Bf6 62.Nxh5 Bxh4 63.Nf4 Kc5
64.Nd3+ Kb5 65.Kd5 Bd8 66.Ne5 Bh4 67.Nf3 Bd8 68.Nd4+ Kb6 69.Kc4 Bf6 70.Ne6 Kc6
71.Nc5 Bb2 72.Ne4 Ba3 73.f6 Bb4 74.Kd4 Ba3 75.Ke5 Bb2+ 76.Ke6 Bxf6 77.Nxf6 Kc5
78.Nd5 Kd4 79.Kd6  1-0

[Event "Chess.com Rapid Wk5 Swiss"]
[Site "chess.com INT"]
[Date "2022.03.12"]
[Round "1"]
[White "Nakamura,Hi"]
[Black "Naroditsky,D"]
[Result "1-0"]
[WhiteElo "2750"]
[BlackElo "2616"]

1.Nf3 Nf6 2.b3 g6 3.d4 Bg7 4.Bb2 O-O 5.g3 d6 6.Bg2 c5 7.O-O cxd4 8.Nxd4 d5
9.c4 dxc4 10.Na3 cxb3 11.Qxb3 Nc6 12.Rfd1 Nxd4 13.Bxd4 Qa5 14.Nc4 Qh5 15.Qb2 Bh3
16.Bh1 Rad8 17.Ne3 b6 18.Bf3 Qg5 19.Qa3 Rd7 20.Bxf6 Bxf6 21.Rxd7 Bxd7 22.Rd1 Be6
23.Nd5 Kg7 24.Qxa7 Rd8 25.e4 Bxd5 26.exd5 Rd6 27.Kg2 Qf5 28.Rc1 h5 29.h4 Bd4
30.Qxe7 Rf6 31.Qe2 Bc5 32.a4 Bd6 33.Rc6 Bc5 34.a5 Rxc6 35.dxc6 bxa5 36.c7 Bd6
37.Qb2+ Kh7 38.Qb7 Bxc7 39.Qxc7 a4 40.Qa7  1-0

[Event "Chess.com Rapid Wk5 Swiss"]
[Site "chess.com INT"]
[Date "2022.03.12"]
[Round "2"]
[White "Grischuk,A"]
[Black "Nakamura,Hi"]
[Result "1/2-1/2"]
[WhiteElo "2758"]
[BlackElo "2750"]

1.d4 Nf6 2.c4 e6 3.Nf3 d5 4.Nc3 Be7 5.Bf4 O-O 6.e3 Nbd7 7.c5 c6 8.h3 b6 9.b4 h6
10.Bd3 a5 11.a3 Ba6 12.O-O Qc8 13.Qe2 Bxd3 14.Qxd3 Qb7 15.Rfb1 axb4 16.axb4 Rfc8
17.Nd2 Bd8 18.Na4 Bc7 19.Bxc7 Qxc7 20.Nf3 Ra7 21.Nc3 Rca8 22.Qd1 b5 23.Nd2 e5
24.Rxa7 Rxa7 25.Ra1 exd4 26.exd4 Nf8 27.Nb3 Ne6 28.Rxa7 Qxa7 29.Na5 Qa8 30.Qd3 h5
31.Qe3 Nc7 32.f3 Nh7 33.Qe7 Ne6 34.Ne2 Nhf8 35.Qd6 Nd8 36.Nf4 g6 37.Kf2 Qc8
38.g4 hxg4 39.hxg4 Qd7 40.Nd3 Qxd6 41.cxd6 f6 42.Nc5 g5 43.Ke3 Kf7 44.f4 gxf4+
45.Kxf4 Nfe6+ 46.Ke3 Ng5 47.Kf4 Nge6+ 48.Ke3 Ng7 49.Kf4 Ne8 50.d7 Nd6 51.g5 fxg5+
52.Kxg5 Ke7 53.Kf4 Kf6 54.Ke3 Nf5+ 55.Kd3 Ke7 56.Kc3 Kd6 57.Kd3 Ke7 58.Kc3 Ne3
59.Kd3 Ng4 60.Kc3 Nf6 61.Kd3 Nxd7 62.Nxd7 Kxd7 63.Kc3 Ne6 64.Nb3 Kd6 65.Kd3 Nd8
66.Nc5 Nf7 67.Kc3 Ng5 68.Kd3 Ne6 69.Nb7+ Kc7 70.Na5 Kd7 71.Nb3 Ke7 72.Na5 Nd8
73.Nb3 Kf6 74.Nc5 Kf5 75.Nb3 Kf4 76.Na5 Kf3 77.Nb3 Nb7 78.Na5 Nd8 79.Nb3 Kg4
80.Na5 Kg5 81.Ke3 Kf6 82.Kd3 Ke7 83.Kc3 Kd7 84.Kd3 Nf7 85.Kc3 Nh6 86.Kd3 Nf5
87.Kc3 Ne7 88.Kd3 Ke6 89.Nb3 Kf5 90.Ke3 Kg4 91.Kd3 Kf3 92.Na5 Kg3 93.Ke3 Kg4
94.Ke2 Kf5 95.Kd3 Kf4 96.Nb3 Kf3 97.Na5 Kf2 98.Kd2 Kg2 99.Ke2 Kg3 100.Ke3 Kg4
101.Nb3 Nc8 102.Na5 Na7 103.Nb3 Kf5 104.Na5 Ke6 105.Kd3 Kd6 106.Nb3 Nc8 107.Na5 Ne7
108.Nb7+ Kc7 109.Nc5 Ng6 110.Nb3 Nf4+ 111.Ke3 Ne6 112.Kd3 Ng7  1/2-1/2

[Event "Chess.com Rapid Wk5 Swiss"]
[Site "chess.com INT"]
[Date "2022.03.12"]
[Round "3"]
[White "Nakamura,Hi"]
[Black "Dubov,Daniil"]
[Result "1/2-1/2"]
[WhiteElo "2750"]
[BlackElo "2711"]

1.Nf3 d5 2.b3 g6 3.Bb2 Nf6 4.c4 Bg7 5.cxd5 O-O 6.Bxf6 exf6 7.Nc3 f5 8.g3 Nd7
9.Bg2 Nf6 10.Rc1 Qe7 11.O-O Rd8 12.Qc2 h5 13.e3 Bd7 14.d4 Rac8 15.Rfe1 Be8
16.Ne5 h4 17.Qe2 hxg3 18.hxg3 Nh5 19.Nd3 Bh6 20.Bf3 Nf6 21.Ne5 Kg7 22.Kg2 Bd7
23.Rh1 Rh8 24.Nb5 a6 25.Nc3 Bg5 26.Rxh8 Rxh8 27.Rh1 Rxh1 28.Kxh1 Bc8 29.Kg2 Ne8
30.Qc2 Nd6 31.Ne2 Bf6 32.Nd3 g5 33.Kg1 a5 34.Bg2 b6 35.Ne5 Ba6 36.Nc6 Qe8
37.Bf1 Qe4 38.Qxe4 Nxe4 39.Nb8 Bxe2 40.Bxe2 Nc3 41.Bd3 f4 42.Nc6 fxe3 43.fxe3 Nxd5
44.Kf2 Nb4 45.Nxb4 axb4 46.Kf3 c5 47.Ke4 cxd4 48.exd4 Kf8 49.Kd5 Ke7 50.Bf5 Bg7
51.g4 Bh8 52.Bd3 Bg7 53.Be2 Bh8 54.Bf3 Bg7 55.Bd1 Bh8 56.Bc2 Bg7 57.Bd3 Bh8
58.Ba6 Bg7 59.Bb7 Bh8 60.Bc8 Bg7 61.Bf5 Bh8 62.Bh7 Bg7 63.Kc4 Kd6 64.Bg8 Ke7
65.d5 f5 66.gxf5 g4 67.Kd3 g3 68.Ke2 Be5 69.Kf3 Kf6 70.Be6 Bd6 71.Bc8 Be5
72.Ba6 Bd6 73.Bd3 Ke5 74.f6 Kxf6 75.Be4 Ke5 76.Ke3 Bc5+ 77.Kd3 Bd6 78.Bg2 Be7
79.Ke3 Bc5+ 80.Ke2 Kd4 81.Kf3 Bd6 82.Ke2 Be5 83.Kd2 Bd6 84.Ke2 Be5 85.Bf3 Bd6
86.Bg2  1/2-1/2

[Event "Chess.com Rapid Wk5 Swiss"]
[Site "chess.com INT"]
[Date "2022.03.12"]
[Round "4"]
[White "Erigaisi,Arjun"]
[Black "Nakamura,Hi"]
[Result "0-1"]
[WhiteElo "2660"]
[BlackElo "2750"]

1.e4 c5 2.Nf3 e6 3.b3 Nf6 4.e5 Nd5 5.Bb2 Be7 6.Nc3 Nxc3 7.dxc3 d5 8.exd6 Qxd6
9.Bb5+ Bd7 10.c4 Qxd1+ 11.Rxd1 f6 12.O-O Bc6 13.Rfe1 Kf7 14.Bxc6 Nxc6 15.Rd7 Rab8
16.Ba3 Rhd8 17.Rc7 Rdc8 18.Rd7 b6 19.g3 Rd8 20.Rc7 Rd6 21.Bc1 Kf8 22.Bf4 e5
23.Bxe5 fxe5 24.Nxe5 Nxe5 25.Rxe5 Bf6 26.Rh5 h6 27.Rxa7 Rd2  0-1

[Event "Chess.com Rapid Wk5 Swiss"]
[Site "chess.com INT"]
[Date "2022.03.12"]
[Round "5"]
[White "Nakamura,Hi"]
[Black "So,W"]
[Result "1-0"]
[WhiteElo "2750"]
[BlackElo "2778"]

1.d4 Nf6 2.c4 e6 3.Nf3 d5 4.Nc3 Be7 5.Bg5 h6 6.Bh4 O-O 7.e3 b6 8.cxd5 Nxd5
9.Bxe7 Qxe7 10.Nxd5 exd5 11.Rc1 Be6 12.Qb3 c5 13.Qa3 Rc8 14.Bb5 Kf8 15.dxc5 Rxc5
16.Rxc5 Qxc5 17.Kd2 Qxa3 18.bxa3 Nd7 19.Bxd7 Bxd7 20.Rc1 Ke7 21.Kd3 Kd6 22.Kd4 Re8
23.Nd2 g5 24.f3 f6 25.Nb1 g4 26.Nc3 gxf3 27.gxf3 Re5 28.h4 Rh5 29.Rh1 Re5
30.f4 Re6 31.Rg1 Bc6 32.Rg7 a5 33.Rf7 Be8 34.Rf8 Ke7 35.Rh8 Bc6 36.Rxh6 b5
37.Rh5 Kd6 38.Nxd5 Be8 39.Rh6 Bc6 40.f5  1-0

[Event "Chess.com Rapid Wk5 Swiss"]
[Site "chess.com INT"]
[Date "2022.03.12"]
[Round "7"]
[White "Nakamura,Hi"]
[Black "Matlakov,M"]
[Result "1-0"]
[WhiteElo "2750"]
[BlackElo "2674"]

1.Nf3 d5 2.b3 Nf6 3.Bb2 e6 4.g3 Be7 5.Bg2 O-O 6.O-O c5 7.d4 Nc6 8.e3 b6 9.c4 Bb7
10.cxd5 Nxd5 11.dxc5 Bxc5 12.a3 a5 13.Nbd2 Rc8 14.Re1 Nf6 15.Qe2 Qe7 16.Rec1 Nb8
17.Ne5 Bxg2 18.Kxg2 Nbd7 19.Nd3 Bd6 20.Nc4 Rc6 21.Qf3 Rfc8 22.Nxb6 Rxc1 23.Nxd7 Nxd7
24.Nxc1 Ne5 25.Qe2 Qb7+ 26.e4 f5 27.f3 fxe4 28.fxe4 Rc7 29.Ra2 Nd7 30.Nd3 Qxb3
31.Ba1 Qc4 32.a4 Nc5 33.Nxc5 Qxe2+ 34.Rxe2 Rxc5 35.Rd2 Be7 36.Rd7 Bf6 37.Bxf6 gxf6
38.Ra7 Rc4 39.Rxa5 Rxe4 40.Ra7 Rb4 41.h4 h5 42.a5 Ra4 43.a6 Ra3 44.Kf2 f5
45.Ke2 e5 46.Kd2 e4 47.Kc2 e3 48.Kd1 Kh8 49.Ke2 Kg8 50.Kf3 Kh8 51.Rf7 Rxa6
52.Rxf5 Rh6 53.Kxe3 Kg7 54.Kf4 Kg6 55.Rg5+ Kf6 56.Ra5 Rh8 57.Ra6+ Kf7 58.Kf5 Kg7
59.Kg5 Kf7 60.Rg6 Ke7 61.Rg7+ Kf8 62.Ra7 Rg8+ 63.Kf6  1-0

[Event "Chess.com Rapid Wk5 KO"]
[Site "chess.com INT"]
[Date "2022.03.13"]
[Round "1.1"]
[White "Nakamura,Hi"]
[Black "Vachier Lagrave,M"]
[Result "1/2-1/2"]
[WhiteElo "2750"]
[BlackElo "2761"]

1.Nf3 c5 2.b3 Nf6 3.Bb2 Nc6 4.e3 g6 5.d4 cxd4 6.Nxd4 Bg7 7.Nxc6 bxc6 8.c4 O-O
9.Nd2 d6 10.Be2 a5 11.O-O Qc7 12.Rc1 c5 13.Bc3 Bb7 14.a4 Ne4 15.Bxg7 Kxg7
16.Nb1 Bc6 17.Na3 Rad8 18.Nb5 Qb6 19.Qc2 Kg8 20.Rfd1 Nf6 21.f3 Bb7 22.Bf1 Nd7
23.Qf2 Ne5 24.Rd2 Bc6 25.Rcd1 Rfe8 26.e4 Nd7 27.Bd3 Nf8 28.Bc2 Ne6 29.Nc3 Nd4
30.Rb1 Qb4 31.Na2 Qb6 32.Nc3 Qb4 33.Na2 Qb6 34.Nc3  1/2-1/2

[Event "Chess.com Rapid Wk5 KO"]
[Site "chess.com INT"]
[Date "2022.03.13"]
[Round "1.3"]
[White "Nakamura,Hi"]
[Black "Vachier Lagrave,M"]
[Result "1-0"]
[WhiteElo "2750"]
[BlackElo "2761"]

1.Nf3 c5 2.b3 Nc6 3.Bb2 Nf6 4.e3 d5 5.d4 cxd4 6.Nxd4 e6 7.Nxc6 bxc6 8.Nd2 Bd6
9.c4 O-O 10.Be2 Re8 11.O-O e5 12.Qc2 Bg4 13.Bxg4 Nxg4 14.Rfd1 e4 15.Nf1 Qg5
16.cxd5 cxd5 17.h3 Ne5 18.Bxe5 Bxe5 19.Rac1 Rad8 20.Qe2 h5 21.Rc5 Re6 22.g3 h4
23.Rcxd5 Rxd5 24.Rxd5 hxg3 25.Nxg3 g6 26.Kg2 Qh4 27.Qg4 Bxg3 28.Qxg3 Qf6
29.Qb8+ Kg7 30.Qf4 Qxf4 31.exf4 e3 32.fxe3 Rxe3 33.Ra5 Re7 34.Kf3 f5 35.Ra6 Kh6
36.b4 Kh5 37.b5 Rc7 38.a4 g5 39.fxg5 Kxg5 40.h4+ Kh5 41.Kf4 Rf7 42.Rd6 Rc7
43.Kxf5 Rc5+ 44.Ke6 Rc4 45.Ra6 Kxh4 46.Rxa7  1-0

[Event "Chess.com Rapid Wk5 KO"]
[Site "chess.com INT"]
[Date "2022.03.13"]
[Round "1.2"]
[White "Vachier Lagrave,M"]
[Black "Nakamura,Hi"]
[Result "1/2-1/2"]
[WhiteElo "2761"]
[BlackElo "2750"]

1.e4 e5 2.Nf3 Nc6 3.Bb5 Nf6 4.O-O Nxe4 5.Re1 Nd6 6.Nxe5 Be7 7.Bf1 Nxe5 8.Rxe5 O-O
9.d4 Ne8 10.Nc3 Bf6 11.Re1 d5 12.b3 c6 13.Ba3 Nd6 14.Qf3 Nf5 15.Bxf8 Nxd4
16.Qxf6 gxf6 17.Be7 Qc7 18.Bxf6 Ne6 19.Re5 Bd7 20.Rae1 Nf4 21.Rg5+ Ng6 22.Rg3 Re8
23.Rxe8+ Bxe8 24.h4 Qd6 25.Bg5 Kf8 26.Bd3 h5 27.Bxg6 fxg6 28.Re3 Bd7  1/2-1/2

[Event "Chess.com Rapid Wk5 KO"]
[Site "chess.com INT"]
[Date "2022.03.13"]
[Round "2.1"]
[White "Nakamura,Hi"]
[Black "Caruana,F"]
[Result "1/2-1/2"]
[WhiteElo "2750"]
[BlackElo "2781"]

1.Nf3 d5 2.b3 Bf5 3.g3 e6 4.Bb2 Nf6 5.Bg2 h6 6.O-O Be7 7.d4 O-O 8.Nbd2 a5
9.a3 c5 10.c4 Nc6 11.e3 Ne4 12.cxd5 exd5 13.Nxe4 Bxe4 14.dxc5 Bxc5 15.Ne5 Nxe5
16.Bxe5 Bxg2 17.Kxg2 Qe7 18.Bb2 Rfd8 19.Qg4 Qe4+ 20.Qxe4 dxe4 21.Rac1  1/2-1/2

[Event "Chess.com Rapid Wk5 KO"]
[Site "chess.com INT"]
[Date "2022.03.13"]
[Round "2.3"]
[White "Nakamura,Hi"]
[Black "Caruana,F"]
[Result "1-0"]
[WhiteElo "2750"]
[BlackElo "2781"]

1.Nf3 d5 2.b3 Bf5 3.Bb2 e6 4.g3 Nf6 5.Bg2 h6 6.d3 Be7 7.Nbd2 O-O 8.O-O Nbd7
9.Ne5 Nxe5 10.Bxe5 Nd7 11.Bb2 Bh7 12.e4 c6 13.Qe2 a5 14.a3 b5 15.Rfd1 Re8
16.Nf3 Bf8 17.a4 Qb6 18.axb5 cxb5 19.exd5 exd5 20.Qd2 a4 21.b4 Rac8 22.Bd4 Qd6
23.c3 Nb8 24.Re1 Rxe1+ 25.Nxe1 Qe6 26.Nc2 Nc6 27.Be3 Ne5 28.Nd4 Qd7 29.Bf1 Be7
30.h3 Bf6 31.Rc1 Ra8 32.f4 Nc6 33.Nxb5 Nxb4 34.Na3 d4 35.cxd4 Bxd4 36.Rc4 Bxe3+
37.Qxe3 Nd5 38.Qd4 Bf5 39.Bg2 Rd8 40.g4 Nf6 41.Qxd7 Bxd7 42.Rd4 Kf8 43.g5 Nh5
44.Kf2 Ke7 45.Bf3 g6 46.gxh6 Rh8 47.Bg4 Nf6 48.Bxd7 Nxd7 49.Rxa4 Rxh6 50.Kg3 Nc5
51.Ra7+ Kf6 52.Nc4 Nxd3 53.Nd6 Rh7 54.Ne4+ Kf5 55.Ng5 Rg7 56.Ra5+ Kf6 57.Rd5 Nb4
58.Rd7 Kf5 59.h4 Nc6 60.Rd5+ Kf6 61.Rd6+ Ke7 62.Rxc6  1-0

[Event "Chess.com Rapid Wk5 KO"]
[Site "chess.com INT"]
[Date "2022.03.13"]
[Round "2.2"]
[White "Caruana,F"]
[Black "Nakamura,Hi"]
[Result "1/2-1/2"]
[WhiteElo "2781"]
[BlackElo "2750"]

1.e4 e5 2.Nf3 Nc6 3.Bb5 f5 4.d3 fxe4 5.dxe4 Nf6 6.O-O Bc5 7.Bxc6 bxc6 8.Nxe5 O-O
9.Nc3 d6 10.Na4 Nxe4 11.Nxc5 Nxc5 12.Be3 Qe8 13.Bxc5 Qxe5 14.Bd4 Qg5 15.f3 c5
16.Bc3 Bb7 17.Qd3 a5 18.Bd2 Qd5 19.Qxd5+ Bxd5 20.a4 Bc6 21.Rfe1 Rfe8 22.Rxe8+ Bxe8
23.b3 Bg6 24.Rc1 c4 25.bxc4 Be8 26.Ra1 Kf7 27.Kf2 Ke6 28.Bc3 g6 29.Ke3 Kd7
30.h4 Bf7 31.Kd3 Be6 32.Rb1 Rf8 33.Bd2 Bf5+ 34.Kd4 Bxc2 35.Rb2 Bxa4 36.Bxa5 Rf4+
37.Kc3 Rf5 38.Bb4 Rf4 39.Ra2 Bd1 40.Rd2 Ba4 41.c5 Rxh4 42.cxd6 cxd6 43.Rxd6+ Kc8
44.Rd4 Rxd4 45.Kxd4  1/2-1/2

[Event "Chess.com Rapid Wk5 KO"]
[Site "chess.com INT"]
[Date "2022.03.13"]
[Round "3.1"]
[White "Aronian,L"]
[Black "Nakamura,Hi"]
[Result "0-1"]
[WhiteElo "2785"]
[BlackElo "2750"]

1.e4 e5 2.Nf3 Nc6 3.Bc4 Bc5 4.d3 Nf6 5.Bg5 h6 6.Bh4 d6 7.c3 a6 8.a4 Ba7 9.Nbd2 Qe7
10.O-O g5 11.Bg3 Nd7 12.Kh1 Nf8 13.Ng1 h5 14.f3 Ng6 15.Bf2 Bxf2 16.Rxf2 f5
17.exf5 Bxf5 18.Nf1 Nf4 19.Ne3 Qh7 20.d4 h4 21.b4 exd4 22.cxd4 Bd3 23.b5 Nb4
24.bxa6 bxa6 25.Ng4 Kd8 26.Rc1 a5 27.Qb3 Bxc4 28.Rxc4 Qd3 29.Rc3 Qxd4 30.Ne2 Qd5
31.Qb1 Nfd3 32.Rf1 h3 33.Rd1 hxg2+ 34.Kxg2 Re8 35.Ng3 Qa2+ 36.Qxa2 Nf4+ 37.Kf1 Nxa2
38.Rc4 Rb8 39.Ne4 Nb4 40.h4 Nbd3 41.Nxg5 Rb2 42.Rd4 Rd2 43.Rb1 Ree2 44.Ne4 Ra2
45.Rd1 Rec2 46.h5 Nb2 47.R1d2 Rxd2 48.Rxd2 Nxh5 49.Kf2 Nd3+ 50.Ke3 Rxd2 51.Nxd2 Nb2
52.Nb3 Nxa4 53.Nxa5 Kd7 54.Nb3 Nb6 55.Ke4 c5 56.f4 Ng3+ 57.Kf3 Nf5 58.Nf6+ Ke6
59.Ne4 c4 60.Na5 d5 61.Nc3 d4 62.Nb5 c3 63.Nb3 Kd5 64.Ke2 Kc4  0-1

[Event "FIDE Grand Prix 3 Pool A"]
[Site "Berlin GER"]
[Date "2022.03.22"]
[Round "1.2"]
[White "Aronian,L"]
[Black "Nakamura,Hi"]
[Result "1-0"]
[WhiteElo "2785"]
[BlackElo "2750"]

1.d4 d5 2.c4 dxc4 3.e4 b5 4.a4 c6 5.axb5 cxb5 6.Nc3 Qb6 7.Nd5 Qb7 8.Bf4 e5
9.Bxe5 Nd7 10.Bf4 Ngf6 11.Nc7+ Kd8 12.Nxa8 Qxe4+ 13.Ne2 Qxa8 14.Qd2 Nd5 15.Nc3 Bb4
16.Be2 Re8 17.Bg3 N7f6 18.O-O Ne4 19.Qc2 Bf5 20.Bh4+ f6 21.Bf3 Bxc3 22.bxc3 g5
23.Rfe1 Nf4 24.Qa2 Qb7 25.Qxa7 Qxa7 26.Rxa7 Re6 27.Bxe4 Rxe4 28.f3 Re2 29.Bf2 b4
30.cxb4 c3 31.Rxe2 Nxe2+ 32.Kh1 c2 33.Be3 c1=R+ 34.Bxc1 Nxc1 35.b5 Kc8 36.b6 Kb8
37.d5 Nd3 38.g4 Bc8 39.Rf7 Ba6 40.Rxf6 Kb7 41.Kg1 Bb5 42.Rf5 Nf4 43.h4 Bd3
44.Rf6 Bb1 45.hxg5 Nxd5 46.Rf8 Nxb6 47.f4 Kc6 48.Kf2 Nd7 49.Rf7 Nc5 50.Kg3 Bg6
51.Rf8 Ne6 52.Rg8 Kd6 53.Ra8 Bb1 54.Ra1 Be4 55.Rd1+ Bd5 56.Rd2 Nc7 57.Kh4 Ne6
58.f5 Nc5 59.Kh5 Ke5 60.Kh6 Ne4 61.Rb2 Bc4 62.Rb4 Bd3 63.Rxe4+ Bxe4 64.Kxh7 Kf4
65.Kh6  1-0